|
|
|
|
| LEADER |
00000cam a2200000 i 4500 |
| 001 |
1/74626 |
| 008 |
961206s1989 gr | ||| |||| ||gre|| |
| 035 |
|
|
|a 1996
|b 3
|c Δωρεά
|l 10031878
|
| 040 |
|
|
|a GR-MY-UA
|b gre
|e aacr
|
| 041 |
0 |
|
|a gre
|
| 082 |
7 |
|
|a 109
|2 (22)
|
| 100 |
1 |
|
|a Θεοδωροπούλου, Έλενα Κ.
|
| 245 |
1 |
2 |
|a Η εξύφανση του νοήματος στον Μονταίνιο
|h [ανάτυπο] :
|b η ανθρώπινη παρουσία ως ιστορία του νοήματος /
|c Έλενας Θεοδωροπούλου.
|
| 260 |
|
|
|a Αθήναι :
|b [χ.ό],
|c 1989.
|
| 300 |
|
|
|a [354-378 σ.] ;
|c 21 εκ.
|
| 500 |
|
|
|a Από τον ΛΑ τόμο (1989) του περιοδικού "Παρνασσός".
|
| 600 |
1 |
0 |
|a Montaigne Michel de
|d 1533-1592.
|
| 650 |
0 |
0 |
|a Philosophy.
|
| 852 |
|
|
|a INST
|b RHODES
|e 19961206
|h 109 ΘΕΟ
|p 005400006896
|q 005400006896
|t BK
|y 0
|
| 909 |
|
|
|a Ρ
|b 042980
|
| 970 |
|
|
|z 1996/12
|